The story of the Real Estate Institute of New Zealand (inc.) 1915-1946. (Record no. 88988)

MARC details
000 -LEADER
fixed length control field 00553cam a2200193 4500
001 - CONTROL NUMBER
control field J897
008 - FIXED-LENGTH DATA ELEMENTS--GENERAL INFORMATION
fixed length control field 090401t1956 xxu||||| |||| 00| 0 eng d
035 ## - SYSTEM CONTROL NUMBER
System control number (Sirsi) u26815
041 ## - LANGUAGE CODE
Language code of text/sound track or separate title eng
050 ## - LIBRARY OF CONGRESS CALL NUMBER
Classification number 333.330993
100 ## - MAIN ENTRY--PERSONAL NAME
Personal name Thomson, W.J.A.
245 #4 - TITLE STATEMENT
Title The story of the Real Estate Institute of New Zealand (inc.) 1915-1946.
260 ## - PUBLICATION, DISTRIBUTION, ETC.
Place of publication, distribution, etc. Auckland
Name of publisher, distributor, etc. Real Estate Institute of New Zealand
Date of publication, distribution, etc. 1956
300 ## - PHYSICAL DESCRIPTION
Extent 90p. : ill. ; 21cm.
350 ## - PRICE (NR) (BK AM CF MU VM SE) [OBSOLETE]
Price 0
710 ## - ADDED ENTRY--CORPORATE NAME
Corporate name or jurisdiction name as entry element Real Estate Institute of New Zealand inc
9 (RLIN) 404
942 ## - ADDED ENTRY ELEMENTS (KOHA)
Suppress in OPAC 0
948 ## - LOCAL PROCESSING INFORMATION (OCLC); SERIES PART DESIGNATOR (RLIN)
c (OCLC) 04/03/1997
Holdings
Withdrawn status Lost status Source of classification or shelving scheme Damaged status Not for loan Home library Current library Shelving location Date acquired Total Checkouts Full call number Barcode Date last seen Copy number Price effective from Koha item type
    Dewey Decimal Classification     London London Basement 19/08/1992   SHELF 136 30033863 06/08/2019 1 06/08/2019 Book